000
00368nam a22001577a 4500
003
MPLRDC
005
20220104113745.0
008
210129b ||||| |||| 00| 0 eng d
082
_a
857.7 YQ v.103 c.2
100
_a
严沁
245
_a
情无了
_c
260
_a
_b
环球出版社
_c
1990
300
_b
平
650
_a
长篇小说
942
_c
BK
_o
857.7 YQ v.103 c.2
999
_c
2121
_d
2111